Six ghost stories
保存先:
| 第一著者: | |
|---|---|
| フォーマット: | 図書 |
| 言語: | Undetermined |
| 出版事項: |
England
Pearson Education
2000
|
| 主題: | |
| タグ: |
タグ追加
タグなし, このレコードへの初めてのタグを付けませんか!
|
| Thư viện lưu trữ: | Trung tâm Học liệu Trường Đại học Cần Thơ |
|---|
| LEADER | 00509nam a2200205Ia 4500 | ||
|---|---|---|---|
| 001 | CTU_103200 | ||
| 008 | 210402s9999 xx 000 0 und d | ||
| 020 | |c 4.76 | ||
| 082 | |a 823.7 | ||
| 082 | |b B974 | ||
| 100 | |a Burton, S. H. | ||
| 245 | 0 | |a Six ghost stories | |
| 245 | 0 | |c S. H. Burton | |
| 260 | |a England | ||
| 260 | |b Pearson Education | ||
| 260 | |c 2000 | ||
| 650 | |a Ghost stories | ||
| 650 | |z English | ||
| 904 | |i Năm, Trong Hieu | ||
| 980 | |a Trung tâm Học liệu Trường Đại học Cần Thơ | ||